Guiding high-school students of vocational agriculture in developing farming programs; (Record no. 22212)

MARC details
000 -LEADER
fixed length control field 01865cam a22003011 4500
001 - CONTROL NUMBER
control field e 54000009
003 - CONTROL NUMBER IDENTIFIER
control field DLC
005 - DATE AND TIME OF LATEST TRANSACTION
control field 20260227111235.0
008 - FIXED-LENGTH DATA ELEMENTS--GENERAL INFORMATION
fixed length control field 821027s1954 dcu f000 0 eng c
010 ## - LIBRARY OF CONGRESS CONTROL NUMBER
LC control number e 54000009
035 ## - SYSTEM CONTROL NUMBER
System control number (OCoLC)8896707
040 ## - CATALOGING SOURCE
Original cataloging agency U.S. Office of Education. Library
Transcribing agency OU
Modifying agency OCoLC
-- DLC
042 ## - AUTHENTICATION CODE
Authentication code premarc
050 00 - LIBRARY OF CONGRESS CALL NUMBER
Classification number LC1045
Item number .A25 no. 254
082 ## - DEWEY DECIMAL CLASSIFICATION NUMBER
Classification number 630.712
100 1# - MAIN ENTRY--PERSONAL NAME
Personal name Johnson, Elmer John,
Dates associated with a name 1896-
245 10 - TITLE STATEMENT
Title Guiding high-school students of vocational agriculture in developing farming programs;
Remainder of title procedures for guiding students in planning and developing farming programs leading to satisfactory establishment in farming,
Statement of responsibility, etc. by E. J. Johnson [and] W. N. Elam.
260 ## - PUBLICATION, DISTRIBUTION, ETC.
Place of publication, distribution, etc. [Washington]
Name of publisher, distributor, etc. U.S. Dept. of Health, Education, and Welfare, Office of Education
Date of publication, distribution, etc. [1954]
300 ## - PHYSICAL DESCRIPTION
Extent vi, 82 p.
Other physical details illus.
Dimensions 23 cm.
490 1# - SERIES STATEMENT
Series statement [U. S. Office of Education] Vocational Division. Bulletin
Volume/sequential designation no. 254. Agriculture series, no. 65
500 ## - GENERAL NOTE
General note "Replaces Vocational Division bulletin no. 225, Directing vocational agriculture day-school students in developing their farming programs [by W. A. Ross, D. M. Clements, and E. J. Johnson]"
501 ## - WITH NOTE
With note With : The operation of a local program of trade and industrial education / William Penn Loomis. Washington : U. S. Department of Health, Education, and Welfare. Office of Education, 1953. Bound together subsequent to publication.
Institution to which field applies DLC
650 #0 - SUBJECT ADDED ENTRY--TOPICAL TERM
Topical term or geographic name entry element Agricultural education
Geographic subdivision United States.
700 1# - ADDED ENTRY--PERSONAL NAME
Personal name Elam, William Nile,
Dates associated with a name 1890-
Relator term joint author.
700 1# - ADDED ENTRY--PERSONAL NAME
Personal name Ross, William Arthur,
Dates associated with a name 1896-
Title of a work Directing vocational agriculture day-school students in developing their farm programs.
810 1# - SERIES ADDED ENTRY--CORPORATE NAME
Corporate name or jurisdiction name as entry element United States.
Subordinate unit Office of Education.
-- Vocational division.
Title of a work Bulletin ;
Volume/sequential designation no. 254.
810 1# - SERIES ADDED ENTRY--CORPORATE NAME
Corporate name or jurisdiction name as entry element United States.
Subordinate unit Office of Education.
-- Vocational division.
Title of a work Agricultural series ;
Volume/sequential designation no. 65.

No items available.

Powered by Koha